[Event "IECC Swiss email"]
[Site "IECC email"]
[Date "2002.01.31"]
[Round "?"]
[White "Schmitz, Norbert"]
[Black "McMillan, Kevin"]
[Result "0-1"]
[WhiteElo "1415"]
[BlackElo "1354"]
[PlyCount "54"]
[EventDate "2002.??.??"]
[EventType "tourn (corr)"]
[EventRounds "6"]
[SourceTitle "Corr 2008"]
[Source "ChessBase"]
[SourceDate "2008.06.24"]
[SourceVersion "1"]
[SourceVersionDate "2008.06.24"]
[SourceQuality "1"]

1. d4 d5 2. Nf3 Nf6 3. c4 c6 4. Nc3 dxc4 5. e4 b5 6. e5 Nd5 7. Be2 Bf5 8. 0-0 e6 9. a4 b4 10. Nxd5 cxd5 11. b3 c3 12. Bb5+ Nd7 13. Qe2 Be7 14. a5 0-0 15. Bc6 Rc8 16. Bb7 Rc7 17. a6 Nb8 18. Be3 Nc6 19. Ne1 Na5 20. Rxa5 Rxb7 21. Ra1 Rc7 22. Nd3 Qd7 23. f4 Qb5 24. Rfd1 c2 25. Rd2 Bxd3 26. Rxd3 Rc3 27. Rd2 c1Q+ 0-1

[Event "IECC Swiss email"]
[Site "IECC email"]
[Date "2001.07.30"]
[Round "?"]
[White "McMillan, Kevin"]
[Black "Cobb, Carl"]
[Result "1-0"]
[WhiteElo "1327"]
[BlackElo "1626"]
[PlyCount "59"]
[EventDate "2001.??.??"]
[EventType "tourn (corr)"]
[EventRounds "6"]
[SourceTitle "Corr 2008"]
[Source "ChessBase"]
[SourceDate "2008.06.24"]
[SourceVersion "1"]
[SourceVersionDate "2008.06.24"]
[SourceQuality "1"]

1. d4 d5 2. c4 e6 3. Nc3 Nf6 4. Bg5 Be7 5. Nf3 h6 6. Bxf6 Bxf6 7. e3 Nc6 8. Be2 0-0 9. 0-0 a6 10. Rc1 dxc4 11. Bxc4 b5 12. Bd3 Bb7 13. a4 bxa4 14. Qxa4 Be7 15. Be4 Qd6 16. Nb1 Nd8 17. Bxb7 Nxb7 18. Rc6 Qd7 19. Ne5 Qe8 20. b3 f6 21. Rxc7 Nd6 22. Ng6 Qxg6 23. Rxe7 Rfe8 24. Qd7 Rxe7 25. Qxe7 Qe8 26. Qxd6 Qc8 27. Nd2 Rb8 28. Ra1 a5 29. Rxa5 Qc1+ 30. Nf1 1-0

[Event "IECC CL6-2000.28"]
[Site "IECC email"]
[Date "2000.08.24"]
[Round "?"]
[White "Richard, Andy"]
[Black "McMillan, Kevin"]
[Result "0-1"]
[WhiteElo "1308"]
[BlackElo "1334"]
[PlyCount "82"]
[EventDate "2000.??.??"]
[EventType "tourn (corr)"]
[EventRounds "4"]
[SourceTitle "Corr 2008"]
[Source "ChessBase"]
[SourceDate "2008.06.24"]
[SourceVersion "1"]
[SourceVersionDate "2008.06.24"]
[SourceQuality "1"]

1. d4 d5 2. c4 c6 3. Nf3 Nf6 4. Nc3 dxc4 5. a4 Bf5 6. e3 e6 7. Bxc4 Bb4 8. 0-0 0-0 9. Nh4 Bg4 10. f3 Bh5 11. g4 Nd5 12. Ng2 Bg6 13. Na2 Bd6 14. e4 Nb6 15. Bb3 c5 16. a5 Nc8 17. h4 h5 18. gxh5 Bxh5 19. d5 Qc7 20. dxe6 c4 21. exf7+ Qxf7 22. Bc2 Bxf3 23. Qd5 Qxd5 24. exd5 Bxd5 25. Nc3 Rxf1+ 26. Kxf1 Bc6 27. Bf5 Nd7 28. Be6+ Kh8 29. Bxc4 Ne7 30. Be3 Ne5 31. Be2 Rf8+ 32. Kg1 a6 33. Rd1 Nf5 34. Bf2 Bb4 35. Ra1 Bf3 36. Bxf3 Nxf3+ 37. Kh1 Rc8 38. Rc1 Bxa5 39. Ne2 Rxc1+ 40. Nxc1 Bb6 41. Ne1 Bxf2 0-1